| 000 | 00373nam a2200133Ia 4500 | ||
|---|---|---|---|
| 008 | 231129s1995||||xx |||||||||||||| ||spa|| | ||
| 020 | _a958-9476-01-5 | ||
| 082 | _aER- 042 | ||
| 100 | _aíngel Jaramillo Hugo | ||
| 245 | 0 | _aPereira espíritu de libertad | |
| 260 | _c1995 | ||
| 264 | _aPereira: Papiro 1995 | ||
| 942 |
_2ddc _cBKS |
||
| 999 |
_c22629 _d22629 |
||